|
|
|
|
| LEADER |
00790nab a2200241 i 4500 |
| 001 |
misc64262 |
| 005 |
20230516125054.0 |
| 008 |
230307s1925 hu o 0|| ger d |
| 040 |
|
|
|a SZTE Miscellanea Repozitórium
|b hun
|
| 041 |
|
|
|a ger
|
| 041 |
|
|
|a mon
|
| 100 |
1 |
|
|a Poppe Nikolaj Nikolaevič
|
| 245 |
1 |
4 |
|a Zum Feuerkultus bei den Mongolen
|h [elektronikus dokumentum] /
|c Poppe Nikolaj Nikolaevič
|
| 260 |
|
|
|a Verl. Asia Major
|b Leipzig
|c 1925
|
| 300 |
|
|
|a 130-145
|c 25 cm
|
| 300 |
|
|
|a [16] p.
|c 25 cm
|
| 490 |
0 |
|
|a Asia Major
|
| 561 |
|
|
|a Németh Gyula hagyaték
|
| 591 |
|
|
|a NOA 4621
|
| 650 |
|
4 |
|a Bölcsészettudományok
|
| 650 |
|
4 |
|a Történettudomány és régészet
|
| 695 |
|
|
|a Mongolok története
|
| 856 |
4 |
0 |
|u http://misc.bibl.u-szeged.hu/64262/1/4621_noa.pdf
|z Dokumentum-elérés
|